| 000 | 00408nmm a22001577a 4500 | ||
|---|---|---|---|
| 005 | 20160211162844.0 | ||
| 008 | 150728b xxu||||| |||| 00| 0 spa d | ||
| 041 | _aEspañol | ||
| 082 |
_aMD _b233 |
||
| 100 |
_aGutierrez Hurtado, Zuriel _93744 |
||
| 245 | _aInforme de Práctica Supervisada realizado en Dentilab | ||
| 260 | _c2015 | ||
| 650 |
_aCOSTA RICA _92 |
||
| 650 |
_aPARTIAL FLEX _93745 |
||
| 942 | _cIP | ||
| 999 |
_c6282 _d6282 |
||